Slovakia Economy Briefing: Slovakia – Economy in 2020
Prehľad hospodárskej činnosti Slovenska v roku 2020. Legislatívne zmeny v podnikateľskom prostredí. Mzdy, odmeny, náhrady v roku 2020. Minimálna mzda podľa náročnosti práce v roku 2020.
Salvato in:
| Autore principale: | |
|---|---|
| Natura: | Capitolo di libro |
| Lingua: | inglese |
| Soggetti: | |
| Tags: |
Nessun Tag, puoi essere il primo ad aggiungerne!!
|
MARC
| LEADER | 00000naa a2200000 4500 | ||
|---|---|---|---|
| 001 | 0273200 | ||
| 005 | 20240502083832.9 | ||
| 041 | 0 | |a eng | |
| 044 | |a HU | ||
| 245 | 1 | 0 | |a Slovakia Economy Briefing: Slovakia – Economy in 2020 |c Martin Grešš |
| 520 | |a Prehľad hospodárskej činnosti Slovenska v roku 2020. Legislatívne zmeny v podnikateľskom prostredí. Mzdy, odmeny, náhrady v roku 2020. Minimálna mzda podľa náročnosti práce v roku 2020. | ||
| 610 | 2 | 0 | |a podnikatelia |
| 610 | 2 | 0 | |a mzdy |
| 610 | 2 | 0 | |a mzdy minimálne |
| 610 | 2 | 0 | |a Slovensko |
| 100 | 1 | |a Grešš, Martin, 1978- | |